Historia de la Marina Mercante chilena: 1541-2006

Gespeichert in:
Bibliographische Detailangaben
Hauptverfasser: Garrido Álvarez de la Rivera, Eugenia (VerfasserIn), Rivera Silva, Eduardo (VerfasserIn), Castagneto Garviso, Piero (VerfasserIn), Mesina Hurtado, Vicente (VerfasserIn)
Format: Buch
Sprache:Spanisch
Veröffentlicht: Asociación Nacional de Armadores 2006
Ausgabe:1a. ed
Schlagworte:
Tags: Tag hinzufügen
Keine Tags, Fügen Sie den ersten Tag hinzu!

MARC

LEADER 00000cam a2200000 a 4500
001 UCF1387
003 CL-VaPUC
008 120629e20060000CL |||||||||||||||||spa|d
020 |a 9563103688 
082 0 4 |a 380  |b GAR  |2 21 
100 |a Garrido Álvarez de la Rivera, Eugenia  |e author  |9 778593 
700 0 |a Rivera Silva, Eduardo  |e author  |9 562930 
700 0 |a Castagneto Garviso, Piero  |e author  |9 562931 
700 0 |a Mesina Hurtado, Vicente  |e author  |9 562932 
245 1 0 |a Historia de la Marina Mercante chilena: 1541-2006 
250 |a 1a. ed 
300 |a 263 p 
942 |c BK 
945 |d 20120629 00:00:00  |a dcastane 
260 |b Asociación Nacional de Armadores  |c 2006 
650 0 |a Transporte marítimo  |9 260127 
650 0 |a Puertos  |9 260105 
650 0 |a Navegación   |9 255384 
650 0 |a Marina mercante   |9 255383 
583 |a last modification  |c 20130402 03:18:12  |k Rodrigo Vera 
999 |c 348194  |d 348192 
952 |0 0  |1 0  |4 0  |6 380_000000000000000_GAR_2006  |7 0  |8 C  |9 450116  |a BIBCUR  |b BIBCUR  |d 2019-11-22  |i 4879589  |o 380 GAR 2006  |p 4879589  |r 2025-04-22  |w 2019-11-22  |y BK  |k CAC